Baby's First Album - Statistics

General Stats
  • This quiz has been taken 7 times
  • The average score is 10 of 16
Answer Stats
Picture Hint Answer % Correct
Ring Ring | 1973 ABBA
100%
Off the Wall | 1979 (First album with Epic Records) Michael Jackson
100%
Chaka | 1978 Chaka Khan
86%
Face Value | 1981 Phil Collins
86%
The Jazz Soul of Little Stevie | 1962 Stevie Wonder
86%
Please Please Me | 1963 The Beatles
86%
Sweet Dreams | 1983 Eurythmics
71%
For You | 1978 Prince
71%
Cold Spring Harbour | 1971 Billy Joel
57%
+ | 2011 Ed Sheeran
57%
Lady of the Night | 1974 Donna Summer
43%
Unknown Pleasures | 1979 Joy Division
43%
Bleach | 1989 Nirvana
43%
The Piper at the Gates of Dawn | 1967 Pink Floyd
43%
All Over the Place | 1984 The Bangles
29%
The Kick Inside | 1978 Kate Bush
14%
No matching quizzes found
Score Distribution
Percent of People with Each Score
Percentile by Number Answered
Your Score History
You have not taken this quiz